Advanced engineering mathematics (Record no. 2354)

000 -LEADER
fixed length control field 00457nam a22001937a 4500
001 - CONTROL NUMBER
control field 2354
003 - CONTROL NUMBER IDENTIFIER
control field BD-DhUET
008 - FIXED-LENGTH DATA ELEMENTS--GENERAL INFORMATION
fixed length control field 140922b xxu||||| |||| 00| 0 eng d
020 ## - INTERNATIONAL STANDARD BOOK NUMBER
International Standard Book Number 8121903459
040 ## - CATALOGING SOURCE
Transcribing agency 0
Modifying agency BD-DhUET
082 ## - DEWEY DECIMAL CLASSIFICATION NUMBER
Classification number 510
Item number DAS/2007
100 ## - MAIN ENTRY--PERSONAL NAME
Personal name Dass, H.K.
245 ## - TITLE STATEMENT
Title Advanced engineering mathematics
250 ## - EDITION STATEMENT
Edition statement 17th Rev. ed.
260 ## - PUBLICATION, DISTRIBUTION, ETC. (IMPRINT)
Place of publication, distribution, etc. Ram Nagar
Name of publisher, distributor, etc. S. Chand.
Date of publication, distribution, etc. 2007
300 ## - PHYSICAL DESCRIPTION
Extent xvi,1274p.
650 #0 - SUBJECT ADDED ENTRY--TOPICAL TERM
Topical term or geographic name as entry element Mathematics
942 ## - ADDED ENTRY ELEMENTS (KOHA)
Koha item type General Book
Holdings
Piece designation (barcode) Koha normalized classification for sorting Copy number Koha date last borrowed Price effective from Shelving location Koha full call number Koha item type Koha date last seen Source of classification or shelving scheme Withdrawn status Sublocation or collection (holding branch) Damaged status Koha issues (times borrowed) Not for loan Koha out on loan Lost status Location (home branch) Date acquired
103924510DAS200712022-11-232014-09-22Circulation section510/DAS/2007General Book2023-05-06  Central Library, BUET 3   Central Library, BUET2014-09-22
103925510DAS200722026-01-132014-09-22Circulation section510/DAS/2007General Book2026-01-13  Central Library, BUET 6 2026-01-27 Central Library, BUET2014-09-22
103927510DAS200732024-12-012014-09-22Circulation section510/DAS/2007General Book2025-02-10  Central Library, BUET 4   Central Library, BUET2014-09-22
103928510DAS200742023-03-222014-09-22Circulation section510/DAS/2007General Book2023-06-05  Central Library, BUET 3   Central Library, BUET2014-09-22
103929510DAS200752014-11-122014-09-22Circulation section510/DAS/2007General Book2016-02-24  Central Library, BUET 1   Central Library, BUET2014-09-22
103931510DAS200772023-01-112014-09-22Circulation section510/DAS/2007General Book2023-02-28  Central Library, BUET 2   Central Library, BUET2014-09-22
103930510DAS200762026-04-152014-09-22Circulation section510/DAS/2007General Book2026-04-15  Central Library, BUET 3 2026-04-29 Central Library, BUET2014-09-22
103922510_000000000000000_DAS_200782019-01-202015-01-26Circulation section510/DAS/2007General Book2019-03-31  Central Library, BUET 2   Central Library, BUET2015-01-26
103923510DAS_2007_00000000000000092025-03-022015-09-01Circulation section510DAS/2007General Book2025-04-07  Central Library, BUET 2   Central Library, BUET2015-09-01
103926510_000000000000000_DAS_2007102024-11-242017-05-29Circulation section510/DAS/2007General Book2024-11-24  Central Library, BUET 11 2024-12-08 Central Library, BUET2007-05-28